000
00332 a2200157 4500
001
152588
040
_c
Escola São Tomás de Aquino
100
_a
SHAKESPEARE, William
240
1
0
_a
Re Lear
_l
por
245
1
0
_a
Re Lear
300
_a
103
362
0
_a
2002
440
1
_a
Scipione
697
_a
*LITERATURA JUVENIL
942
_c
BK
999
_c
152588
_d
152588